|
|
|
|
| LEADER |
00000cam a2200000 7i4500 |
| 001 |
0000001803 |
| 005 |
20220105103927.0 |
| 008 |
09/07/07 |
| 020 |
|
|
|a 9676108448
|
| 090 |
0 |
0 |
|a JP
|b ENG (1748)
|
| 100 |
0 |
|
|a Tamor Roza
|
| 245 |
1 |
0 |
|a Where does the sun go ?
|c Tamor Roza
|
| 260 |
|
|
|a Kuala Lumpur :
|b Utusan Publications & Distributors ,
|c 1994
|
| 440 |
|
|
|a Let's read together
|
| 500 |
|
|
|a Children age 4-6 years old (yellow)
|
| 650 |
|
0 |
|a English fiction
|
| 999 |
|
|
|a 0000961044
|b Book
|c Children Collection
|e Cawangan Tangkak
|
| 999 |
|
|
|a 0000961045
|b Book
|c Children Collection
|e Cawangan Bandar Penawar
|
| 999 |
|
|
|a 0000961046
|b Book
|c Children Collection
|e Perbadanan Perpustakaan Awam Johor
|
| 999 |
|
|
|a 0000961047
|b Book
|c Children Collection
|e Cawangan Tangkak
|
| 999 |
|
|
|a 0000961048
|b Book
|c Children Collection
|e Cawangan Bandar Tenggara
|